Mistrzowie świata w Siatkówce - Statystyki

Ogólne statystyki
  • Ten quiz został rozwiązany 268 razy
    161 od ostatniego zresetowania
  • Średni wynik to 14 z 20
Statystyki odpowiedzi
Rok Gospodarz Zwycięzca % Poprawnych
2014 Polska polska
89%
2018 Bułgaria / Włochy Polska
89%
2022 Polska / Słowenia Włochy
88%
1949 Czechosłowacja ZSRR
84%
1952 ZSRR ZSRR
83%
2010 Włochy Brazylia
80%
2006 Japonia Brazylia
77%
2002 Argentyna Brazylia
73%
1998 Japonia Włochy
69%
1962 ZSRR ZSRR
67%
1960 Brazylia ZSRR
66%
1990 Brazylia Włochy
63%
1994 Grecja Włochy
63%
1966 Czechosłowacja Czechosłowacja
59%
1974 Meksyk Polska
59%
1956 Francja Czechosłowacja
56%
1982 Argentyna ZSRR
56%
1978 Włochy ZSRR
54%
1986 Francja Stany Zjednoczone
51%
1970 Bułgaria NRD
41%
Nie znaleziono quizów pasujących do podanych kryteriów
Rozkład punktacji
Procent ludzi z każdym wynikiem
Percentyl według liczby udzielonych odpowiedzi
Twoja historia wyników
Nie rozwiązałeś tego quizu od ostatniego zresetowania